Sống mòn
Đã lưu trong:
| 主要作者: | |
|---|---|
| 语言: | Undetermined |
| 出版: |
Hà Nội
Văn học
2003
|
| 主题: | |
| 标签: |
添加标签
没有标签, 成为第一个标记此记录!
|
| Thư viện lưu trữ: | Trung tâm Học liệu Trường Đại học Trà Vinh |
|---|
| LEADER | 00524nam a2200217Ia 4500 | ||
|---|---|---|---|
| 001 | TVU_5000 | ||
| 008 | 210423s9999 xx 000 0 und d | ||
| 041 | |a Vie | ||
| 082 | |a 895.922331 | ||
| 082 | |b C108 | ||
| 100 | |a Nam Cao | ||
| 245 | 0 | |a Sống mòn | |
| 245 | 0 | |c Nam Cao | |
| 260 | |a Hà Nội | ||
| 260 | |b Văn học | ||
| 260 | |c 2003 | ||
| 300 | |a 279 tr. | ||
| 300 | |c 19 cm | ||
| 650 | |a Nhà văn Việt Nam; Văn học hiện đại | ||
| 700 | |a Nam Cao | ||
| 980 | |a Trung tâm Học liệu Trường Đại học Trà Vinh | ||